Cliquez sur la bonne traduction en néerlandais - Les couleurs - Statistiques

Statistiques générales
  • Ce quiz a été pris 180 fois
  • Le résultat moyen est 10 sur 11
Statistiques - réponses
Hint Réponse % Correct
Orange Oranje
98%
Rouge Rood
98%
Bleu Blauw
97%
Gris Grijs
97%
Rose Roze
95%
Marron Bruin
94%
Vert Groen
92%
Noir Zwart
92%
Blanc Wit
89%
Violet Paars
83%
Jaune Geel
82%
Aucun quiz correspondant
Distribution des résultats
% des personnes avec chaque résultat
Percentile par nombre de réponses
Votre historique - résultats
Vous n’avez pas pris ce quiz